000 00504nam a22001697a 4500
005 20260122094601.0
008 260122b |||||||| |||| 00| 0 eng d
020 _a978-9966-26-098-7
100 _aSYOMWENE, ANNE
245 _aCORE PRINCIPLES IN CURRICULUM
260 _aELDORET, KENYA
_bUTAFITI FOUNDATION
_c2017
300 _aX, 278P.
500 _aINCLUDES INDEX
650 _a1. CURRILUM PLANNING 2. EDUCATION - CURRICULA 3. CURRICULUM CHANGE
700 _aNYANDUSI, CHARLES
942 _2lcc
_cBK
999 _c216491
_d216491